Datum a čas kvízu
34
Celkem bodů
Celkový počet nahraných bodů na tomto kvízu bez doplňovacích otázek.
5.
Pořadí na kvízu
Konečné umístění týmu na tomto kvízu.
Zaznamenané odpovědi
| # | Otázka | Odpověď | Body | Výsledky |
|---|---|---|---|---|
| 1. | Letitá ikonická story o „bábě... | Plzeň | 1 | |
| 2. | Slovenská vláda schválila plán... | medvěd | 1 | |
| 3. | Jak se jmenuje seriál, do něho... | Harry Potter, HBO (Max) | 1 | |
| 4. | Jak se jmenuje horská chata le... | Luční bouda | 1 | |
| 5. | Napište jméno muže, který byl... | David Trunda | 1 | |
| 6. | Milovníci komiksů se každoročn... | Comic-Con | 1 | |
| 7. | Jak se jmenuje zvíře, které je... | Garfield | 1 | |
| 8. | Jedním z nejoblíbenějších komi... | 1C 2A 3D 4B | 1 | |
| 9. | Jak se jmenuje muž, který nakr... | Kája (Karel) Saudek | 1 | |
| 10. | V současné době vychází v komi... | Karel Čapek, R.U.R. | 1 |